000 00383nam a22001697a 4500
005 20160702101426.0
008 160702b xxu||||| |||| 00| 0 eng d
020 _a978-93-85000-52-2
041 _aeng
082 _b20884
100 _aArora, V.P.S. and others
_93448
245 _aHigher Education
260 _bCEGR
300 _a350
650 _aManagement
_9241
942 _cBK
999 _c5150
_d5148